<?xml version="1.0" encoding="UTF-8"?>
<record
    xmlns:xsi="http://www.w3.org/2001/XMLSchema-instance"
    xsi:schemaLocation="http://www.loc.gov/MARC21/slim http://www.loc.gov/standards/marcxml/schema/MARC21slim.xsd"
    xmlns="http://www.loc.gov/MARC21/slim">

  <leader>02165nam a22002657a 4500</leader>
  <controlfield tag="003">OSt</controlfield>
  <controlfield tag="005">20260512153752.0</controlfield>
  <controlfield tag="008">251023b        |||||||| |||| 00| 0 eng d</controlfield>
  <datafield tag="022" ind1=" " ind2=" ">
    <subfield code="a">1552-4205</subfield>
  </datafield>
  <datafield tag="040" ind1=" " ind2=" ">
    <subfield code="a">English</subfield>
    <subfield code="c">tbs</subfield>
  </datafield>
  <datafield tag="041" ind1=" " ind2=" ">
    <subfield code="a">English</subfield>
  </datafield>
  <datafield tag="100" ind1=" " ind2=" ">
    <subfield code="a">Barron, Andrew</subfield>
    <subfield code="9">26279</subfield>
  </datafield>
  <datafield tag="245" ind1=" " ind2=" ">
    <subfield code="a">Toward a Professions-Based Understanding of Ethical and Responsible Lobbying</subfield>
    <subfield code="c">/ Andrew Barron and Lila Skountridaki</subfield>
  </datafield>
  <datafield tag="260" ind1=" " ind2=" ">
    <subfield code="b">Business &amp; Society</subfield>
    <subfield code="c">2022</subfield>
  </datafield>
  <datafield tag="362" ind1=" " ind2=" ">
    <subfield code="a">Business &amp; Society 2022, Vol. 61(2) 340&#x2013;371</subfield>
  </datafield>
  <datafield tag="520" ind1=" " ind2=" ">
    <subfield code="a">Responding to calls for more substantive studies into ethical and responsible lobbying, we analyze data collected over a five-year period in Brussels to explore how individual lobbyists understand the ethical dimensions of their work.

Mobilizing insights from the sociology of the professions, we expose an emerging lobbying professionalism and unpack practitioners&#x2019; understandings of what being a professional lobbyist entails&#x2014;focusing in particular on their espoused values of transparency and honesty.

While expectations to lobby more transparently and honestly stem from political institutions, we find that individual lobbyists&#x2014;acting as conduits&#x2014;attempt to disseminate these expectations by setting limits that encourage their clients to embrace what policymakers consider professional lobbying practice.

Our study contributes to corporate political activity (CPA) scholarship by providing a professions-based understanding of ethical and responsible approaches to lobbying. We offer new insights into both contextual and individual-level factors behind the emergence of such approaches, and elucidate the implications of lobbying professionalism for business and European Union (EU) governance.</subfield>
  </datafield>
  <datafield tag="653" ind1=" " ind2=" ">
    <subfield code="a">Corporate political activity</subfield>
  </datafield>
  <datafield tag="653" ind1=" " ind2=" ">
    <subfield code="a">Professionalism</subfield>
  </datafield>
  <datafield tag="653" ind1=" " ind2=" ">
    <subfield code="a">Responsible Lobbying</subfield>
  </datafield>
  <datafield tag="653" ind1=" " ind2=" ">
    <subfield code="a">Transparency</subfield>
  </datafield>
  <datafield tag="653" ind1=" " ind2=" ">
    <subfield code="a">Work Ethics</subfield>
  </datafield>
  <datafield tag="700" ind1=" " ind2=" ">
    <subfield code="a">Skountridaki, L.</subfield>
    <subfield code="9">26427</subfield>
  </datafield>
  <datafield tag="856" ind1=" " ind2=" ">
    <subfield code="u">https://bibliotheque.tbs-education.fr/Default/doc/edselc/_b64_ZWRzZWxjLjItNTIuMC04NTA5Njg0ODAxNw%3d%3d/toward-a-professions-based-understanding-of-ethical-and-responsible-lobbying</subfield>
  </datafield>
  <datafield tag="942" ind1=" " ind2=" ">
    <subfield code="2">lcc</subfield>
  </datafield>
  <datafield tag="952" ind1=" " ind2=" ">
    <subfield code="0">0</subfield>
    <subfield code="1">0</subfield>
    <subfield code="2">lcc</subfield>
    <subfield code="4">0</subfield>
    <subfield code="7">0</subfield>
    <subfield code="a">TBS</subfield>
    <subfield code="b">TBS</subfield>
    <subfield code="d">2025-11-05</subfield>
    <subfield code="l">0</subfield>
    <subfield code="r">2025-11-05</subfield>
    <subfield code="u">https://bibliotheque.tbs-education.fr/Default/doc/edselc/_b64_ZWRzZWxjLjItNTIuMC04NTA5Njg0ODAxNw%3d%3d/toward-a-professions-based-understanding-of-ethical-and-responsible-lobbying</subfield>
    <subfield code="w">2025-11-05</subfield>
    <subfield code="y">ARTICLE</subfield>
  </datafield>
  <datafield tag="999" ind1=" " ind2=" ">
    <subfield code="c">5145</subfield>
    <subfield code="d">5145</subfield>
  </datafield>
</record>
